Pedanias de Campos de Hellín - Estadísticas

Estadísticas generales
  • Esta prueba ha sido intentada 10 veces
  • La puntuación promedio es 11 de 23
Estadísticas de respuestas
Población Pedanía % Correcto
2.263 Isso
100%
180 Agra
88%
25.621 Hellín
88%
727 Agramón
75%
92 Cancarix
75%
385 Cañada de Agra
63%
324 Mingogil
63%
6.954 Tobarra
63%
812 Albatana
50%
137 Las Minas
50%
594 Nava de Campaña
50%
82 Minateda
38%
19 Rincón del Moro
38%
163 Sierra
38%
24 Torre Uchea
38%
201 Aljube
25%
299 Cordovilla
25%
2.663 Fuente Álamo
25%
43 La Horca
25%
2.318 Ontur
25%
94 Mora de Santa Quiteria
13%
275 Santiago de Mora
13%
123 Los Mardos
0%
No se encontraron pruebas coincidentes
Distribución de puntuación
Porcentaje de gente con cada puntuación
Porcentaje por número respondido
Historial de tus puntuaciones
No has intentado esta prueba.